000 00344 a2200109 4500
001 ART_41873
005 20260410162024.0
008 260409a
245 1 0 _aDefensa del consumidor e instituciones jurídicas
100 1 _aCastellano, Andrea
773 0 _tJurisprudencia Argentina
_gDerecho y economía (mayo 2006)
_wREV41622
999 _c33351
_d33351